Η θεωρία της επιχειρησιακής επικοινωνίας : εφαρμογές στην εληνική πραγματικότητα

Saved in:
Bibliographic Details
Main Author: Λούτας, Γεράσιμος
Format: Book
Language:Greek
Published: Αθήνα : Έλλην, c2005.
Edition:3η έκδ.
Subjects:
Tags: Add Tag
No Tags, Be the first to tag this record!

MARC

LEADER 00000cam a2200000 i 4500
001 1/105
008 090616s2005 gr | ||| |||| ||gre||
020 |a 9602868945 
035 |l 10105118 
040 |a GR-MyUa  |b gre  |e AACR2 
041 0 |a gre 
082 7 |a 658.45   |2 (22) 
100 1 |a Λούτας, Γεράσιμος. 
245 1 2 |a Η θεωρία της επιχειρησιακής επικοινωνίας :   |b εφαρμογές στην εληνική πραγματικότητα /   |c Γεράσιμος Λούτας. 
250 |a 3η έκδ. 
260 |a Αθήνα :   |b Έλλην,   |c c2005. 
300 |a 480 σ. :   |b εικ. ;   |c 24 εκ. 
504 |a Βιβλογραφία: σ. 479-480. 
650 0 |a Business communication  |z Greece. 
650 0 |a Communication in management  |z Greece. 
852 |a INST  |b CHIOS  |e 20090616  |h 658.45 ΛΟΥ  |p 005200030180  |q 005200030180  |t BK  |y 0 
852 |a INST  |b CHIOS  |e 20090616  |h 658.45 ΛΟΥ  |p 005200030185  |q 005200030185  |t BK  |y 0 
901 |a BIBL2-2009-2 
970 |a ΣΑΛΑΜΟΥΡΑ  |b ΜΑΡΙΑ  |z 2009/06/16